Portugal e o descobrimento do Atlântico (Registo nº 2676)

Detalhes MARC
000 -Etiqueta do registo
Cabeçalho 00870nam a22002531i 4500
005 - Identificador da versão
Campo de controlo 20240827170505.0
021 ## - Número do Depósito Legal
Código do país PT
Número 39517/90
100 ## - Dados gerais de processamento
Dados gerais de processamento 20060405d1990 am y0pory5003 ba
101 0# - Língua de publicação
Língua do texto, banda sonora, etc. Português
-- Inglês
102 ## - Pais de publicação ou produção
País de publicação Portugal
105 ## - Campo de dados codificados: livros
Dados codificados dos livros abc z 001yy
106 ## - Campo de dados codificados: material textual
Dados codificados do material textual r
200 1# - Titulo e menção de responsabilidade
Título próprio Portugal e o descobrimento do Atlântico
Informação de outro título Síntese e cronologia
Título paralelo Portugal and the discovery of the Atlantic
Informação de outro título A summary and a chronology
Primeira menção de responsabilidade Alfredo Pinheiro Marques
210 ## - Publicação, Distribuição, etc. 
Lugar da edição, distribuição, etc. [Lisboa]
Nome do editor, distribuidor, etc. Imprensa Nacional-Casa da Moeda
Data da publicação, distribuição, etc. 1990
215 ## - Descrição física 
Indicação específica da natureza do documento e extensão da espécie 117, [2] p.
Outras indicações físicas il.
Dimensões 24 cm
225 2# - Colecção 
Título próprio da colecção Temas portugueses
320 ## - Nota relativa a bibliografia e índices internos 
Texto da nota Bibliografia, p. 111-117
510 1# - Título paralelo
Título paralelo Portugal and the discovery of the Atlantic
Language of Title eng
606 ## - Nome comum usado como assunto
Número de registo de entrada de autoridade 0001540
Palavra de ordem História
Subdivisão geográfica Portugal
Subdivisão cronológica Descobrimentos
675 ## - Classificação Decimal Universal (CDU)
Notação 946.9"1419/1420"
Edição
Língua da edição por
700 #1 - Nome de autor-pessoa física (responsabilidade principal)
Número de registo de entrada de autoridade 0001542
Palavra de ordem Marques
Outra parte do nome não tomada para palavra de ordem Alfredo Pinheiro
Datas 1956-
942 ## - Elementos de entrada adicionados (Koha)
Tipo de item no Koha Livro
Exemplares
Situação do levantamento Origin of item (home branch) (coded) Biblioteca de empréstimo Código de barras Cota Circulation type (not for loan) Tipo de documento Nota do exemplar Damaged status
  Biblioteca Escolar da Coca Maravilhas Biblioteca Escolar da Coca Maravilhas BECM7644/06 9PT MAR   Livro Sem mensagem